Exam goalpost CTET comprehensive guide: (Record no. 165879)
[ view plain ]
| 000 -LEADER | |
|---|---|
| fixed length control field | 00801nam a22001937a 4500 |
| 005 - DATE AND TIME OF LATEST TRANSACTION | |
| control field | 20190710143718.0 |
| 010 ## - LCCN (DPL NO) | |
| LC control number | B-728422 |
| 020 ## - INTERNATIONAL STANDARD BOOK NUMBER | |
| International Standard Book Number | 9789388425988 |
| Terms of availability | 449.00 |
| 035 ## - SYSTEM CONTROL NUMBER | |
| System control number | B-728422 |
| 037 ## - SOURCE OF ACQUISITION | |
| Source of stock number/acquisition | RK Books |
| Stock number | dpl |
| 082 ## - DEWEY DECIMAL CLASSIFICATION NUMBER | |
| Classification number | 000 |
| 245 ## - TITLE STATEMENT | |
| Title | Exam goalpost CTET comprehensive guide: |
| Remainder of title | paper-II mathematics and science class VI-VIII / |
| Statement of responsibility, etc | edited by Editorial Team, Exam Goalpost |
| 260 ## - PUBLICATION, DISTRIBUTION, ETC. (IMPRINT) | |
| Date of publication, distribution, etc | 2019 |
| Place of publication, distribution, etc | New Delhi |
| Name of publisher, distributor, etc | Dreamtech Press |
| 270 ## - ADDRESS | |
| Address | 19-A, Ansari Road, Daryaganj |
| City | New Delhi |
| Postal code | 110002 |
| 300 ## - PHYSICAL DESCRIPTION | |
| Dimensions | 28cm(pbk) |
| Extent | xi,513p.: |
| Other physical details | ill. |
| 500 ## - GENERAL NOTE | |
| General note | includes solved paper December 2018 |
| 942 ## - ADDED ENTRY ELEMENTS (KOHA) | |
| Item type | English Books |
| Source of classification or shelving scheme | Dewey Decimal Classification |
| Classification part | 000 |
| Call number suffix | EXA |
| Withdrawn status | Lost status | Not for loan | Collection code | Home library | Current library | Date acquired | Source of acquisition | Cost, normal purchase price | Full call number | Barcode | Copy number | Cost, replacement price | Koha item type | Public note |
|---|---|---|---|---|---|---|---|---|---|---|---|---|---|---|
| Non-fiction | Kadipur | Kadipur | 04/07/2019 | RK Books/IN569/2019-20/17.06.2019/09/06.06.2019/28.06.2019 | 449.00 | 000 EXA | B-728422 | 1 | 449.00 | English Books | Spl. power |
